All 100k+ Cities in South America on a Map - Statistics

General Stats
  • This quiz has been taken 2,169 times
  • The average score is 70 of 521
Answers on the Map
Answers color-coded by a green-red scale on the quiz's map according to % correct below.
 
Answer Stats
Country Pop City % Correct
Brazil 6.72M Rio de Janeiro
94%
Peru 10.80M Lima
92%
Chile 6.16M Santiago
91%
Colombia 7.39M Bogotá
90%
Argentina 15.17M Buenos Aires
90%
Ecuador 1.61M Quito
89%
Brazil 12.14M São Paulo
89%
Brazil 2.91M Brasília
88%
Venezuela 2.09M Caracas
87%
Bolivia 759K La Paz
87%
Uruguay 1.30M Montevideo
87%
Paraguay 522K Asunción
82%
Colombia 2.38M Medellín
80%
Brazil 2.17M Manaus
78%
Guyana 118K Georgetown
76%
Bolivia 239K Sucre
75%
Suriname 241K Paramaribo
73%
Colombia 2.17M Cali
72%
Brazil 2.87M Salvador
72%
Ecuador 2.28M Guayaquil
71%
Brazil 1.65M Recife
70%
Argentina 1.61M Córdoba
69%
Brazil 1.48M Porto Alegre
69%
Colombia 495K Bello
68%
Brazil 2.67M Fortaleza
68%
Brazil 1.48M Belém
66%
Bolivia 1.44M Santa Cruz
65%
Brazil 2.51M Belo Horizonte
63%
Argentina 1.34M Rosario
63%
Colombia 1.21M Barranquilla
61%
Peru 477K Cusco
61%
Venezuela 2.26M Maracaibo
60%
Brazil 1.93M Curitiba
58%
Colombia 877K Cartagena
55%
Chile 901K Valparaíso
54%
Venezuela 1.59M Valencia
53%
Brazil 884K Natal
52%
Brazil 1.04M São Luis
49%
Peru 1.08M Arequipa
47%
Argentina 1.05M Mendoza
47%
Brazil 1.51M Goiânia
45%
Brazil 1.18M Campinas
44%
Bolivia 632K Cochabamba
43%
Argentina 512K San Juan
42%
Brazil 482K Florianópolis
39%
Brazil 433K Santos
39%
Argentina 902K San Miguel de Tucumán
37%
Peru 987K Trujillo
37%
Chile 353K Antofagasta
36%
Brazil 362K Vitória
36%
Argentina 540K Santa Fe
35%
Chile 723K Concepción
34%
Argentina 644K Salta
34%
Brazil 268K Santa Maria
34%
Venezuela 454K Barcelona
33%
Peru 423K Iquitos
33%
Colombia 571K Bucaramanga
32%
Argentina 853K La Plata
32%
Chile 126K Punta Arenas
32%
Venezuela 1.09M Barquisimeto
29%
Brazil 806K João Pessoa
29%
Argentina 626K Mar del Plata
29%
Brazil 884K Campo Grande
28%
Brazil 1.02M Maceió
28%
Venezuela 465K Maracay
27%
Brazil 601K Cuiabá
26%
Argentina 214K San Luis
26%
Brazil 390K Boa Vista
25%
Venezuela 425K Ciudad Bolívar
25%
Brazil 815K Teresina
25%
Brazil 483K Porto Velho
23%
Bolivia 176K Potosí
23%
Brazil 118K Salto
23%
Uruguay 104K Salto
23%
Chile 204K Arica
22%
Argentina 299K Bahía Blanca
22%
Ecuador 330K Cuenca
22%
Bolivia 847K El Alto
22%
Brazil 482K Macapá
22%
Argentina 396K Neuquén
22%
Chile 171K Puerto Montt
22%
Brazil 374K Rio Branco
22%
Brazil 672K Uberlândia
22%
Colombia 685K Cúcuta
21%
Chile 295K Iquique
21%
Brazil 657K Aracaju
20%
Argentina 291K Paraná
20%
Colombia 455K Santa Marta
20%
Argentina 216K Comodoro Rivadavia
19%
Brazil 916K Duque de Caxias
19%
Argentina 255K Formosa
19%
Brazil 111K Formosa
19%
Venezuela 290K Mérida
19%
Brazil 223K Santarém
19%
Argentina 393K Corrientes
18%
Brazil 1.38M Guarulhos
18%
Brazil 555K Londrina
18%
Bolivia 265K Oruro
18%
Brazil 244K São José
18%
Venezuela 893K Ciudad Guayana
17%
Peru 311K Ica
17%
Brazil 570K Joinville
17%
Colombia 103K Madrid
17%
Brazil 290K Palmas
17%
Colombia 308K Pasto
17%
Peru 522K Piura
17%
Argentina 116K Río Gallegos
17%
Brazil 203K Rio Grande
17%
Ecuador 271K Santo Domingo de los Colorados
17%
Argentina 222K Catamarca
16%
Peru 651K Chiclayo
16%
Brazil 256K Foz do Iguaçu
16%
Brazil 319K Pelotas
16%
Venezuela 285K San Cristóbal
16%
Peru 322K Tacna
16%
Chile 279K Temuco
16%
Chile 151K Valdivia
16%
Chile 402K La Serena
15%
Argentina 361K Posadas
15%
Peru 138K Puno
15%
Venezuela 107K San Carlos de Austria
15%
Argentina 132K San Carlos de Bariloche
15%
Brazil 341K Blumenau
14%
Brazil 126K Caxias
14%
Peru 441K Huancayo
14%
Colombia 493K Ibagué
14%
Argentina 217K La Rioja
14%
Chile 144K Los Ángeles
14%
Colombia 386K Pereira
14%
Argentina 433K Resistencia
14%
Brazil 701K Ribeirão Preto
14%
Peru 235K Ayacucho
13%
Peru 224K Cajamarca
13%
Venezuela 232K Coro
13%
Ecuador 218K Manta
13%
Brazil 291K Petrópolis
13%
Chile 119K San Antonio
13%
Brazil 1.08M São Gonçalo
13%
Bolivia 180K Tarija
13%
Argentina 107K Trelew
13%
Colombia 287K Armenia
12%
Brazil 391K Campina Grande
12%
Paraguay 302K Ciudad del Este
12%
Ecuador 154K Esmeraldas
12%
Brazil 562K Juiz de Fora
12%
Colombia 405K Manizales
12%
Colombia 267K Popayán
12%
Argentina 402K Santiago del Estero
12%
Brazil 128K Toledo
12%
Bolivia 102K Trinidad
12%
Brazil 326K Uberaba
12%
Colombia 235K Buenaventura
11%
Chile 158K Calama
11%
Brazil 202K Chapecó
11%
Peru 386K Chimbote
11%
Chile 151K Copiapó
11%
Brazil 564K Feira de Santana
11%
Brazil 175K Juazeiro
11%
Peru 308K Juliaca
11%
Ecuador 170K Loja
11%
Brazil 416K Maringá
11%
Colombia 388K Montería
11%
Brazil 514K Niterói
11%
Brazil 260K Petrolina
11%
Argentina 353K San Salvador de Jujuy
11%
Chile 237K Talca
11%
Colombia 432K Valledupar
11%
Colombia 492K Villavicencio
11%
Brazil 380K Anápolis
10%
Brazil 245K Imperatriz
10%
Brazil 401K Jundiaí
10%
Venezuela 508K Maturín
10%
Colombia 336K Neiva
10%
Brazil 812K Nova Iguaçu
10%
Brazil 698K Osasco
10%
Peru 380K Pucallpa
10%
Brazil 224K Rondonópolis
10%
Argentina 100K San Martín
10%
Brazil 825K São Bernardo do Campo
10%
Colombia 603K Soledad
10%
Brazil 672K Sorocaba
10%
Brazil 119K Uruguaiana
10%
Brazil 436K Betim
9%
Brazil 310K Cascavel
9%
Argentina 166K Concordia
9%
Brazil 212K Criciúma
9%
Peru 215K Huánuco
9%
Ecuador 231K Machala
9%
Brazil 223K Marabá
9%
Brazil 390K Montes Claros
9%
Brazil 242K Novo Hamburgo
9%
Brazil 385K Olinda
9%
Chile 148K Osorno
9%
Brazil 122K Porto Seguro
9%
Brazil 224K Presidente Prudente
9%
Argentina 111K Puerto Madryn
9%
Chile 291K Rancagua
9%
Argentina 182K Rio Cuarto
9%
Paraguay 258K San Lorenzo
9%
Argentina 133K San Rafael
9%
Brazil 119K Santana
9%
Brazil 719K Santo André
9%
Brazil 242K São Carlos
9%
Brazil 707K São José dos Campos
9%
Peru 108K Tumbes
9%
Ecuador 165K Ambato
8%
Brazil 529K Ananindeua
8%
Venezuela 357K Barinas
8%
Colombia 177K Barrancabermeja
8%
Brazil 371K Bauru
8%
Brazil 165K Cabo Frio
8%
Brazil 492K Caxias do Sul
8%
Chile 192K Chillán
8%
Brazil 206K Dourados
8%
Brazil 347K Franca
8%
Brazil 269K Governador Valadares
8%
Peru 129K Huaraz
8%
Ecuador 132K Ibarra
8%
Brazil 137K Ilhéus
8%
Brazil 272K Mossoró
8%
Brazil 395K Piracicaba
8%
Brazil 344K Ponta Grossa
8%
Ecuador 146K Riobamba
8%
Colombia 126K Riohacha
8%
Brazil 218K Rio Verde
8%
Brazil 365K São Vicente
8%
Brazil 514K Serra
8%
Colombia 249K Sincelejo
8%
Colombia 655K Soacha
8%
Argentina 130K Tandil
8%
Peru 163K Tarapoto
8%
Colombia 164K Tunja
8%
Brazil 306K Vitória da Conquista
8%
Brazil 238K Americana
7%
Brazil 578K Aparecida de Goiânia
7%
Brazil 458K Campos dos Goytacazes
7%
Brazil 347K Canoas
7%
Brazil 662K Contagem
7%
Venezuela 385K Cumaná
7%
Chile 126K Curicó
7%
Brazil 424K Diadema
7%
Colombia 148K Florencia
7%
Brazil 320K Guarujá
7%
Brazil 163K Itu
7%
Brazil 116K Ji-Paraná
7%
Brazil 263K Juazeiro do Norte
7%
Paraguay 256K Luque
7%
Brazil 411K Mogi das Cruzes
7%
Colombia 275K Palmira
7%
Ecuador 207K Portoviejo
7%
Brazil 433K São José do Rio Preto
7%
Brazil 118K Sinop
7%
Peru 204K Sullana
7%
Brazil 491K Vila Velha
7%
Brazil 273K Volta Redonda
7%
Brazil 193K Araçatuba
6%
Brazil 101K Bagé
6%
Brazil 511K Belford Roxo
6%
Venezuela 300K Cabimas
6%
Brazil 321K Caruaru
6%
Brazil 100K Corumbá
6%
Venezuela 166K Cúa
6%
Ecuador 231K Durán
6%
Venezuela 216K El Tigre
6%
Colombia 280K Floridablanca
6%
Brazil 261K Ipatinga
6%
Colombia 248K Itagüí
6%
Brazil 687K Jaboatão dos Guararapes
6%
Brazil 252K Macaé
6%
Brazil 473K Mauá
6%
Brazil 144K Parnaíba
6%
Brazil 198K Passo Fundo
6%
Brazil 325K Praia Grande
6%
Venezuela 300K Puerto La Cruz
6%
Venezuela 174K San Felipe
6%
Brazil 236K São Leopoldo
6%
Brazil 185K Sobral
6%
Brazil 163K Teresópolis
6%
Colombia 175K Tuluá
6%
Brazil 111K Ubá
6%
Colombia 144K Yopal
6%
Brazil 196K Angra dos Reis
5%
Brazil 197K Arapiraca
5%
Brazil 229K Araraquara
5%
Brazil 142K Balneário Camboriú
5%
Brazil 140K Barreiras
5%
Brazil 274K Barueri
5%
Brazil 286K Camaçari
5%
Paraguay 237K Capiatá
5%
Colombia 132K Cartago
5%
Colombia 106K Chía
5%
Peru 211K Chincha Alta
5%
Colombia 104K Ciénaga
5%
Chile 113K Coronel
5%
Brazil 232K Divinópolis
5%
Colombia 216K Envigado
5%
Brazil 208K Itabuna
5%
Brazil 208K Itajaí
5%
Brazil 371K Itaquaquecetuba
5%
Brazil 155K Lages
5%
Paraguay 180K Lambaré
5%
Brazil 297K Limeira
5%
Venezuela 231K Los Teques
5%
Argentina 109K Luján
5%
Brazil 232K Magé
5%
Colombia 103K Maicao
5%
Brazil 226K Maracanaú
5%
Brazil 228K Marília
5%
Bolivia 107K Montero
5%
Brazil 166K Nova Friburgo
5%
Brazil 104K Patos
5%
Brazil 332K Paulista
5%
Venezuela 127K Porlamar
5%
Venezuela 116K Puerto Ayacucho
5%
Venezuela 154K Punto Fijo
5%
Ecuador 151K Quevedo
5%
Colombia 113K Quibdó
5%
Argentina 105K Rafaela
5%
Argentina 105K Reconquista
5%
Brazil 201K Rio Claro
5%
Argentina 142K San Nicolás de Los Arroyos
5%
Brazil 161K São Caetano do Sul
5%
Brazil 472K São João de Meriti
5%
Colombia 112K Sogamoso
5%
Brazil 287K Suzano
5%
Brazil 308K Taubaté
5%
Brazil 281K Várzea Grande
5%
Argentina 110K Villa María
5%
Argentina 127K Villa Mercedes
5%
Argentina 109K Zárate
5%
Venezuela 139K Anaco
4%
Brazil 169K Araguaína
4%
Brazil 163K Bragança Paulista
4%
Colombia 111K Buga
4%
Venezuela 159K Carúpano
4%
Brazil 176K Castanhal
4%
Brazil 322K Caucaia
4%
Brazil 233K Colombo
4%
Brazil 249K Cotia
4%
Colombia 204K Dosquebradas
4%
Colombia 108K Duitama
4%
Brazil 274K Embu das Artes
4%
Colombia 125K Facatativá
4%
Colombia 115K Fusagasugá
4%
Brazil 268K Gravataí
4%
Venezuela 175K Guanare
4%
Venezuela 181K Guatire
4%
Brazil 231K Hortolândia
4%
Peru 166K Huacho
4%
Brazil 238K Itaboraí
4%
Brazil 238K Itapevi
4%
Brazil 164K Jaraguá do Sul
4%
Brazil 146K Jaú
4%
Brazil 194K Luziânia
4%
Colombia 120K Malambo
4%
Brazil 159K Maricá
4%
Ecuador 134K Milagro
4%
Paraguay 140K Ñemby
4%
Brazil 162K Nilópolis
4%
Colombia 106K Ocaña
4%
Brazil 149K Paranaguá
4%
Brazil 261K Parnamirim
4%
Colombia 139K Piedecuesta
4%
Brazil 163K Poços de Caldas
4%
Venezuela 191K Puerto Cabello
4%
Bolivia 118K Quillacollo
4%
Brazil 123K Resende
4%
Bolivia 150K Sacaba
4%
Venezuela 126K Santa Lucía
4%
Brazil 117K Santa Rita
4%
Brazil 290K São José dos Pinhais
4%
Brazil 234K Sete Lagoas
4%
Brazil 147K Timon
4%
Venezuela 166K Valera
4%
Colombia 106K Zipaquirá
4%
Brazil 212K Águas Lindas de Goiás
3%
Brazil 210K Alvorada
3%
Brazil 133K Araucária
3%
Brazil 130K Atibaia
3%
Brazil 118K Barretos
3%
Brazil 112K Bento Gonçalves
3%
Brazil 141K Botucatu
3%
Brazil 130K Brusque
3%
Venezuela 200K Cabudare
3%
Brazil 191K Cachoeiro de Itapemirim
3%
Venezuela 136K Cagua
3%
Venezuela 155K Calabozo
3%
Brazil 401K Carapicuíba
3%
Brazil 369K Cariacica
3%
Venezuela 114K Carora
3%
Venezuela 153K Ciudad Ojeda
3%
Brazil 110K Crato
3%
Venezuela 117K Ejido
3%
Paraguay 177K Fernando de la Mora
3%
Brazil 174K Francisco Morato
3%
Brazil 125K Garanhuns
3%
Brazil 119K Guarapari
3%
Brazil 166K Guarapuava
3%
Brazil 116K Guaratinguetá
3%
Venezuela 245K Guarenas
3%
Brazil 249K Indaiatuba
3%
Brazil 230K Jacareí
3%
Colombia 123K Jamundí
3%
Brazil 143K Jequié
3%
Brazil 198K Lauro de Freitas
3%
Paraguay 146K Limpio
3%
Brazil 149K Linhares
3%
Paraguay 104K Mariano Roque Alonso
3%
Brazil 144K Mogi Guaçu
3%
Colombia 128K Mosquera
3%
Brazil 168K Palhoça
3%
Brazil 188K Parauapebas
3%
Venezuela 442K Petare
3%
Brazil 162K Pindamonhangaba
3%
Brazil 132K Pinhais
3%
Brazil 115K Poá
3%
Argentina 105K Presidencia Roque Sáenz Peña
3%
Chile 152K Quillota
3%
Brazil 332K Ribeirão das Neves
3%
Brazil 123K Ribeirão Pires
3%
Brazil 142K Rio das Ostras
3%
Venezuela 166K San Fernando de Apure
3%
Brazil 192K Santa Bárbara d'Oeste
3%
Brazil 116K Santa Cruz do Sul
3%
Brazil 101K São Mateus
3%
Brazil 279K Sumaré
3%
Brazil 290K Taboão da Serra
3%
Brazil 150K Teixeira de Freitas
3%
Brazil 114K Teófilo Otoni
3%
Brazil 116K Três Lagoas
3%
Venezuela 106K Tucupita
3%
Venezuela 380K Turmero
3%
Brazil 123K Valinhos
3%
Venezuela 136K Valle de la Pascua
3%
Brazil 131K Varginha
3%
Brazil 240K Viamão
3%
Brazil 132K Alagoinhas
2%
Brazil 127K Apucarana
2%
Brazil 110K Araguari
2%
Brazil 120K Arapongas
2%
Brazil 127K Araras
2%
Brazil 126K Araruama
2%
Brazil 105K Araxá
2%
Brazil 126K Barbacena
2%
Brazil 183K Barra Mansa
2%
Brazil 119K Birigui
2%
Brazil 188K Cabo de Santo Agostinho
2%
Brazil 130K Cachoeirinha
2%
Brazil 158K Camaragibe
2%
Brazil 111K Campo Largo
2%
Brazil 116K Caraguatatuba
2%
Brazil 102K Catalão
2%
Venezuela 142K Catia La Mar
2%
Venezuela 146K Charallave
2%
Brazil 108K Colatina
2%
Brazil 123K Conselheiro
2%
Brazil 131K Cubatão
2%
Venezuela 115K El Limón
2%
Brazil 106K Eunápolis
2%
Brazil 186K Ferraz de Vasconcelos
2%
Brazil 142K Franco da Rocha
2%
Venezuela 196K Guacara
2%
Brazil 112K Itabira
2%
Brazil 127K Itaguaí
2%
Brazil 101K Itanhaém
2%
Brazil 171K Itapecerica da Serra
2%
Brazil 149K Itapetininga
2%
Brazil 102K Itatiba
2%
Brazil 100K Itumbiara
2%
Venezuela 113K La Victoria
2%
Brazil 101K Leme
2%
Venezuela 115K Mariara
2%
Brazil 130K Marituba
2%
Brazil 176K Mesquita
2%
Brazil 101K Muriaé
2%
Brazil 178K Nossa Senhora do Socorro
2%
Venezuela 128K Ocumare del Tuy
2%
Venezuela 129K Palo Negro
2%
Brazil 140K Patos de Minas
2%
Brazil 109K Paulínia
2%
Brazil 101K Paulo Afonso
2%
Brazil 138K Pouso Alegre
2%
Venezuela 114K Punta Cardón
2%
Brazil 150K Queimados
2%
Venezuela 152K San Juan de los Morros
2%
Brazil 219K Santa Luzia
2%
Brazil 107K São Lourenço da Mata
2%
Brazil 141K Sapucaia do Sul
2%
Brazil 124K Sertãozinho
2%
Brazil 120K Simões Filho
2%
Venezuela 109K Táriba
2%
Brazil 116K Tatuí
2%
Venezuela 105K Tinaquillo
2%
Brazil 122K Trindade
2%
Brazil 108K Tucuruí
2%
Brazil 104K Umuarama
2%
Brazil 167K Valparaíso de Goiás
2%
Brazil 121K Várzea Paulista
2%
Brazil 128K Vespasiano
2%
Brazil 121K Vitória de Santo Antão
2%
Brazil 118k Votorantim
2%
Venezuela 100K Yaritagua
2%
Venezuela 357K Acarigua-Araure
1%
Brazil 113K Almirante Tamandaré
1%
Venezuela 309K Baruta
1%
Brazil 102K Cambé
1%
Brazil 120K Catanduva
1%
Brazil 108K Coronel Fabriciano
1%
Brazil 180K Ibirité
1%
Brazil 108K Igarassu
1%
Brazil 100K Ituiutaba
1%
Brazil 125K Jandira
1%
Brazil 105K Japeri
1%
Brazil 122K Lafaiete
1%
Brazil 114K Novo Gama
1%
Brazil 109K Passos
1%
Brazil 133K Sabará
1%
Brazil 105K Santa Cruz do Capibaribe
1%
Brazil 139K Santana de Parnaíba
1%
Argentina 116K Santa Rosa de Toay
1%
Brazil 115K Senador Canedo
1%
No matching quizzes found
Score Distribution
Percent of People with Each Score
Percentile by Number Answered
Your Score History
You have not taken this quiz